000 01788cad a22002535a 4500
001 L152405
008 110301s2011 xxk 000 0 eng u
020 _a9781842196625
035 _a(Sirsi) u152405
041 0 _aeng
050 _a306.1094 $2 18
100 1 _aBall, Michael
245 0 0 _aRICS European housing review 2011
_bExecutive summary Italian
_h[electronic resource]
260 _aLondon
_bRICS
_c2011
490 0 _aRICS European Housing Review
_v2011
520 _aLooks at the performance of European housing markets in 2010, analysing trends across the continent in areas such as inflation, building activity, mortgage markets and turnover. Majority of European housing markets are showing signs of recovery. Nordic countries, Germany, France and Belgium experienced increases in real house prices in 2010. Ireland, Hungary and Cyprus experienced significant falls whilst Spain, Greece and Portugal saw moderate falls. Prices were slightly down in the UK, Netherlands, Poland and Italy with Baltic States beginnng to show signs of recovering following major crashes. Mortgage constraints are affecting many markets. Mortgage interest rates remain low. Housebuilding is down across Europe and is severely dragging the recover in most places. Price increases are leading other market indicators such as transactions and housebuilding. (For full report in English see L152395)
590 _aKA
650 2 4 _aRICS EUROPEAN HOUSING REVIEW
651 4 _aEurope
690 _aPROPERTY-RESIDENTIAL PROPERTY-RESIDENTIAL PROPERTY MARKET
710 2 _aRoyal Institution of Chartered Surveyors
_bEurope
_95921
856 4 0 _uhttps://www.rics.org/site/download_feed.aspx?fileID=8886&fileExtension=PDF
_zView the report free of charge on the www.rics.org website.
942 _n0
999 _c112042
_d112042